Betrachtungen über den Nationalreichtum des preußischen Staates und über den Wohlstand seiner Bewohner

Titel: Betrachtungen über den Nationalreichtum des preußischen Staates und über den Wohlstand seiner Bewohner : in 2 Teilen / Leopold Krug
Teil: 2
Verfasser:
Veröffentlicht: Aalen : Scientia-Verl., (1970)
Umfang: 709 S.
Format: Buch
Sprache: Deutsch
Schriftenreihe/
mehrbändiges Werk:
Betrachtungen über den Nationalreichtum des preußischen Staates und über den Wohlstand seiner Bewohner / Leopold Krug ; 2
alle Bände anzeigen
RVK-Notation:
ISBN: 351102482X
Buchumschlag
X
Lokale Klassifikation: 4 2 A
alg: 2934195
001A    $00034:19-05-94 
001B    $01999:28-04-23 $t21:14:30.000 
001C    $00017:18-12-08 $t10:20:29.000 
001D    $09999:99-99-99 
001U    $0utf8 
001X    $00 
002@    $0Afu 
003@    $0029341957 
003O    $0311468508 $aOCoLC 
004A    $03-511-02482-X 
007A    $0029341957 $aHEB 
007G    $0DE004D726EE5DC8DCDE16C12578E70055C578 
007T    $0Herdhh029341825+12=Bd. 2 
009P    $qapplication/pdf $A2 $3Inhaltsverzeichnis $uhttp://scans.hebis.de/HEBCGI/show.pl?02934195_toc.pdf $mV:DE-603;B:DE-17 
010@    $ager 
011@    $a1970 $n(1970) 
013H    $0z 
015@    $00 
028A    $7116566736 $8Krug, Leopold$Z1770-1843 [Tp1] $9150495617 
033A    $pAalen $nScientia-Verl. 
034D    $a709 S. 
036C    $aBetrachtungen über den Nationalreichtum des preußischen Staates und über den Wohlstand seiner Bewohner $din 2 Teilen $x12 $hLeopold Krug $l2 
036D    $x12 $8Betrachtungen über den Nationalreichtum des preußischen Staates und über den Wohlstand seiner Bewohner : in 2 Teilen / Leopold Krug $9029341825 
044N    $aDruck 
045F    $a910.94307 $eDDC23BSB 
045F/01 $a910 
045F/03 $g4307 
045G    $a911.4382 $eDDC23BSB 
045G/01 $a911 
045G/03 $g4382 
045G/03 $g43832 
045Z    $8QG 201 [Tkv] $9411126598 

lok: 2934195 8

exp: 2934195 8 1 #EPN
201B/01 $008-12-12 $t00:04:15.000 
201C/01 $007-10-02 
201U/01 $0utf8 
203@/01 $0176356193 
208@/01 $a07-10-02 $bz 
209A/01 $a/QG 201 K94-2 $du $f000 $x00 
209B/01 $aa045 $x05 
209C/01 $a28101369 
209G/01 $a51674227 $x00 
209G/01 $a2. Obergeschoss $x01 
247C/01 $8611000-9 <17>Darmstadt, TU Darmstadt, Universitäts- und Landesbibliothek - Stadtmitte $9102595879 

lok: 2934195 23
101B    $002-08-95 $t07:51:12.586 
107F    $0055028012 
101U    $0utf8 

exp: 2934195 23 1 #EPN
201B/01 $029-01-02 $t15:06:14.098 
203@/01 $0055028020 
208@/01 $a19-05-94 $bh 
209A/01 $a25 Ges DP 6032 $du $f024 $hGES DP 6032 $x00 
209C/01 $a112478 $h112478 
209G/01 $a11397620 $x00 
247C/01 $8352024-9 <34/24>Kassel, UB Kassel, Standort Holländischer Platz $9102599459 
201U/01 $0utf8 

lok: 2934195 24
101B    $001-12-05 $t11:29:46.000 
101C    $001-12-05 
145Z/01 $a4 2 A 
101U    $0utf8 

exp: 2934195 24 1 #EPN
201B/01 $001-12-05 $t11:29:46.000 
201C/01 $001-12-05 
203@/01 $0323766048 
208@/01 $a01-12-05 $br 
209A/01 $a4 II A 2 : 2 $du $f050 $h4 2 A 2 / B 2 $x00 
209C/01 $a1 K 72 $h72 0001 K 
209G/01 $a71256979 $x00 
220C/01 $ahar 
247C/01 $8358050-7 Marburg, Bibliothek des Herder-Instituts Marburg $9102600961 
201U/01 $0utf8 

lok: 2934195 78

exp: 2934195 78 1 #EPN
201B/01 $019-04-17 $t15:39:52.000 
201U/01 $0utf8 
203@/01 $0792455096 
208@/01 $a12-11-16 $be 
209A/01 $a/ $f000 $x00 
220C/01 $aAnmerkung: *11 
237A/01 $aweiterführende Signatur(en): Herder-Institut: 4 II A 2 : 2 
244Z/01 $2Trx $#Prusy Wschodnie i Zachodnie $8--Trx--Ost- und Westpreußen $x01 $939113373X 
245Z/01 $a02 $x01 
247C/01 $82080>Marburg/Lahn, Herder-Institut, Forschungsbibliothek, Bibliographieportal $9336309341
LEADER 00000cam a2200000 cc4500
001 029341957
003 DE-603
005 20230428211430.0
007 tu
008 940519s1970 xx |||| | u00||u|ger c
020 |a 351102482X 
035 |a (DE-599)HEB029341957 
035 |a (OCoLC)311468508 
040 |a DE-603  |b ger  |c DE-603  |d DE-603 
041 |a ger 
082 0 4 |8 1\u  |a 910.94307  |q DE-101  |2 23/BSB 
083 0 |8 2\u  |a 911.4382  |q DE-101  |2 23/BSB 
084 |a QG 201  |0 (DE-625)141466:  |0 (DE-603)411126598  |2 rvk 
085 |8 1\u  |b 910 
085 |8 1\u  |z 2  |s 4307 
085 |8 2\u  |b 911 
085 |8 2\u  |z 2  |s 4382 
085 |8 2\u  |z 2  |s 43832 
100 1 |a Krug, Leopold  |d 1770-1843  |0 (DE-603)150495617  |0 (DE-588)116566736  |2 gnd 
245 0 0 |a Betrachtungen über den Nationalreichtum des preußischen Staates und über den Wohlstand seiner Bewohner  |b in 2 Teilen  |n 2  |c Leopold Krug 
264 1 |a Aalen  |b Scientia-Verl.  |c (1970) 
300 |a 709 S. 
773 0 8 |q 12  |w (DE-603)029341825 
856 4 2 |m V:DE-603;B:DE-17  |q application/pdf  |u http://scans.hebis.de/HEBCGI/show.pl?02934195_toc.pdf  |3 Inhaltsverzeichnis 
924 0 |9 17  |a (DE-603)176356193  |b DE-17  |c HES  |d c  |g /QG 201 K94-2  |h 2. Obergeschoss 
924 0 |9 34/24  |a (DE-603)055028020  |b DE-34-24  |c HES  |d c  |g 25 Ges DP 6032 
924 0 |9 Mb 50  |a (DE-603)323766048  |b DE-Mb50  |c HES  |d c  |g 4 II A 2 : 2 
924 0 |9 2080  |a (DE-603)792455096  |b DE-2080  |c HES  |d d  |g /